000 01506nam a2200325Ia 4500
001 18830
003 IT-RoPAU
008 130308s9999 xx 000 0 und d
040 _aIT-RoPAU
040 _cIT-RoPAU
041 _aITALIANO
100 _aHeisenberg Werner
100 _gCodice Aut. SPICS: 12542
240 _aPHYSICS AND PHILOSOPHY
240 _gCodice Tit. Orig. Spics: T0813
245 _aFisica e filosofia-La rivoluzione nella scienza moderna
245 _bFisica e Filosofia-La Rivoluzione nella Scienza moderna
250 _a2a ed.
260 _aMILANO
260 _bIl Saggiatore
260 _c1966 [1° Ed.:1961 - Ed.Ling.Originale:1958]
300 _a"240 p. (prefazione: no ; testo: 240)"
500 _aIntroduzione di F.S.C. Northrop Traduzione di Giulio Gnoli vecchia e Nuova Tradizione Sviluppo della Teoria dei Quanta Interpretazione di Copenaghen della Teoria dei Quanta Teoria dei Quanta e Origini della Scienza Atomica Evoluzione delle Idee Filosofiche Dopo Descartes in Seguito Alla Teoria dei Quanta relazione tra Teoria dei Quanta e Altri Rami della Scienza della Natura Teoria della Relatività Critiche e Controproposte all'interpretazione di Copenaghen Teoria dei Quanta e Struttura della materia Linguaggio e Realtà nella Fisica moderna ruolo della Fisica moderna nell'attuale Sviluppo del pensiero Umano
650 _aLOGICA FILOSOFICA
650 _eCodice materia Spics: 3151
942 _cBK
957 _71
999 _c65460
_d65460
999 _bSI
999 _g1